|
|
|
|
| LEADER |
006730000a22002290004500 |
| 015 |
|
|
|a M
|
| 020 |
|
|
|a 0-19-828043-2
|
| 041 |
|
|
|a eng
|
| 082 |
|
|
|a 341.486 N5
|
| 245 |
|
|
|a The State of the world's refugees 1995: in search of solutions
|
| 260 |
|
|
|a London, Oxford University press
|
| 260 |
|
|
|c 1995
|
| 310 |
|
|
|a United Nations High commissioner for refugees
|
| 650 |
|
|
|a Human rights
|
| 650 |
|
|
|a Law of war
|
| 650 |
|
|
|a Migration
|
| 650 |
|
|
|a Peace
|
| 650 |
|
|
|a Political
|
| 650 |
|
|
|a Refugees
|
| 942 |
|
|
|c BK
|
| 999 |
|
|
|c 137239
|d 137235
|
| 952 |
|
|
|0 0
|1 0
|4 0
|6 341_486000000000000_N5
|7 0
|9 136021
|a SIRP
|b SIRP
|d 2017-10-05
|l 0
|o 341.486 N5
|p SIRP02875
|r 2017-10-05
|w 2017-10-05
|y BK
|